Personnages Teen Wolf - Statistiques

Statistiques générales
  • Ce quiz a été pris 10 694 fois
    10 501 depuis la dernière actualisation
  • Le résultat moyen est 34 sur 75
Statistiques - réponses
Hint Réponse % Correct
1 Scott McCall
99%
2 Stiles Mieczyslaw Stilinski
98%
3 Lydia Martin
96%
5 Allison Argent
95%
4 Derek Hale
94%
7 Malia Tate/Hale
90%
13 Peter Hale
90%
10 Melissa McCall
88%
9 Chris Argent
85%
6 Liam Dunbar
85%
30 Kate Argent
82%
8 Sheriff Stilinski
81%
11 Kira Yukimura
80%
31 Gerard Argent
79%
21 Jackson Whittemore
79%
18 Aiden Steiner
75%
17 Ethan Steiner
75%
12 Theo Raeken
74%
44 Cora Hale
73%
15 Isaac Lahey
71%
32 Victoria Argent
68%
23 Deucalion
62%
16 Mason Hewitt
62%
33 Rafael McCall
61%
45 Talia Hale
61%
14 Jordan Parrish
60%
46 Laura Hale
58%
40 Erica Reyes
56%
25 Hayden Romero
56%
63 Claudia Stilinski
55%
20 Alan Deaton
53%
22 Coach Bobby Finstock
52%
19 Corey Bryant
51%
27 Natalie Martin
50%
41 Vernon Milton Boyd
48%
26 Danny Mahealani
45%
52 Noshiko Yukimura
45%
53 Ken Yukimura
44%
28 Lorraine Martin
44%
36 Brett Talbot
42%
35 Meredith Walker
41%
29 Jennifer Blake/Darach
39%
48 Kali
38%
24 Braeden
33%
38 Nolan Holloway
32%
55 Henry Tate
31%
64 Tara Raeken
30%
42 Matt Daehler
28%
68 Paige Krasikeva
28%
34 Tamora Monroe
28%
60 Tracy Stewart
26%
49 Ennis
24%
54 Garrett Douglas
24%
70 Nogitsune
23%
67 Adrian Harris
21%
39 Gabe
20%
47 Marine Morell
17%
62 Donovan Donatti
15%
61 Josh Diaz
15%
37 Lori Rohr
15%
65 Marie-Jeanne Valet
15%
66 Sebastien Valet
15%
50 Louve du désert
14%
56 Satomi Ito
14%
59 Araya Calavera
12%
57 Gabriel Valack
11%
72 La bête du Gevaudan
11%
71 Cavaliers Fantomes
8%
58 Brunski
7%
43 Sydney
7%
51 Valerie Clark
7%
73 Le chirurgien
6%
74 La généticienne
5%
75 Le pathologiste
5%
69 Les orphelins
5%
Aucun quiz correspondant
Distribution des résultats
% des personnes avec chaque résultat
Percentile par nombre de réponses
Votre historique - résultats
Vous n’avez pas pris ce quiz depuis la dernière actualisation